Countries Closest to Lebanon - One Minute Sprint - Statistics

General Stats
  • This quiz has been taken 234 times
  • The average score is 14 of 20
Answer Stats
km country miles % Correct
0 Israel 0
96%
0 Syria 0
95%
45 Jordan 28
94%
125 Turkey 78
94%
810 Iran 503
90%
220 Iraq 137
90%
170 Cyprus 105
88%
226 Saudi Arabia 141
88%
214 Egypt 133
86%
583 Greece 362
74%
881 Armenia 547
71%
886 Georgia 551
68%
1099 Kuwait 683
68%
926 Azerbaijan 575
65%
949 Libya 590
52%
57 Palestine 36
48%
1017 Russia 632
48%
1070 Bulgaria 665
43%
1230 Sudan 765
35%
1195 Romania 743
34%
No matching quizzes found
Score Distribution
Percent of People with Each Score
Percentile by Number Answered
Your Score History
You have not taken this quiz